[Event "GER Seniors Derby 09th"]
[Site "Wesel Undeloh"]
[Date "2010.04.09"]
[Round "3.21"]
[White "Kraus, Peter"]
[Black "Lochmann, Viktor"]
[Result "0-1"]
[WhiteElo "1352"]
[BlackElo "1705"]
[PlyCount "98"]
[EventDate "2010.04.08"]
[EventType "swiss"]
[EventRounds "7"]
[EventCountry "GER"]
[SourceTitle "EXT 2022"]
[Source "ChessBase"]
[SourceDate "2021.10.06"]
[SourceVersion "1"]
[SourceVersionDate "2021.10.06"]
[SourceQuality "1"]

1. e4 c5 2. Nf3 Nc6 3. Nc3 e6 4. Be2 Nf6 5. d3 a6 6. h3 Qc7 7. Be3 d5 8. exd5 exd5 9. d4 c4 10. 0-0 b5 11. a3 Be7 12. Qd2 0-0 13. Bf4 Bd6 14. Ne5 Nxe5 15. Bxe5 Bxe5 16. dxe5 Qxe5 17. Bf3 Be6 18. Rae1 Qd6 19. Ne2 Rad8 20. Rd1 Rfe8 21. Rfe1 Bf5 22. Nd4 Rxe1+ 23. Rxe1 Bg6 24. c3 Ne4 25. Bxe4 dxe4 26. Qg5 h6 27. Qe3 f5 28. g3 Rb8 29. Rd1 a5 30. Rd2 Bh7 31. Nxf5 Qf8 32. Nd4 b4 33. axb4 axb4 34. cxb4 Bg6 35. b5 Kh7 36. Qe2 Qc5 37. Qe3 Re8 38. Qa3 Qc8 39. Kh2 h5 40. h4 e3 41. fxe3 Qb7 42. Rf2 Ra8 43. Qb4 Ra1 44. Nf3 Kg8 45. Qxc4+ Bf7 46. Qc6 Qxc6 47. bxc6 Rc1 48. Ne5 Bd5 49. b4 Rh1# 0-1